000
00294nam a22001457a 4500
008
210309b ||||| |||| 00| 0 eng d
020
_a
041
_a
eng
080
_a
510
082
_a
510
100
_a
36
101
_a
MAT
245
_a
The theory of Groups
_c
Hall,M
942
_2
udc
_c
BK
999
_c
56102
_d
56102